000 00413 a2200097 4500
245 0 0 _aPrzewody telekomunikacyjne ogólnego przeznaczenia do połączeń - ruchomych Przewody o żyłach wielodrutowych o izolacji i powłoce polwinitowej PN-90/T-90252 /
_cMin. Przemysłu.
246 1 3 _aPN-90/T-90252
246 1 3 _a621.395.721:621.315.342
260 _aWarszawa :
_bMin. Przemysłu,
_c1990.
300 _a3 stron ;
_c30 cm.
650 _aPolska norma
999 _c20106
_d20106